000 03174 a2200229 4500
020 _a1599181363
020 _a9781599181363
082 0 4 _a346.73065
090 _c2696
_d2696
100 1 _aSpadaccini, Michael.
245 1 0 _aBusiness structures :
_bforming a corporation, llc, partnership, or sole proprietorship /
_cMichael Spadaccini.
250 _a1st ed.
260 _a[S.l.] :
_bEntrepreneur Press,
_c2007.
300 _a304 p. ;
_c23 cm.
490 1 _aEntrepreneur magazine's legal guide.
500 _aPaperback.
520 _aChoose the Optimal Business Structure Corporation, LLC, partnership, sole proprietorship…what's the difference, and which one is best for you? Experienced corporate attorney Michael Spadaccini answers those questions and provides all the tools you need to select, plan, organize, form, operate and maintain a business. Real-world scenarios help you analyze your business and evaluate the pros and cons of each business type. A complete reference section compares and contrasts the legal requirements, filing fees, taxation requirements and maintenance requirements for all 50 states. Spadaccini goes beyond choosing a structure to offer formation guidelines and maintenance requirements, ensuring your business' success. Spadaccini covers: Seven steps to forming a partnership 13 steps to incorporation 10 steps to organizing an LLC Costs and features of each business type State-specific information on staying in compliance with statutes in all 50 states Maintaining liability protection Selecting the appropriate structure can spell the difference between success and failure. Structure your venture for success with this professional guidance. Sample Documents on CD-ROM! Partnership Forms Sample General Partnership Agreement Partner Ledger Minutes of Partnership Meeting Action by Written Consent of Partners LLC Forms California LLC Articles of Organization Operating Agreements for Member-Managed LLC Membership Ledger Investment Representation Letter Call for Meeting of Members Resolution Authorizing Manager to Transfer Property Notice of Year-End Distribution Corporation Forms Sample Articles of Incorporation Sample Corporate Bylaws Share Transfer Ledger Call for Special Meeting of Shareholders Minutes of Annual or Special Meeting of Shareholders Action by Written Consent of Shareholders Call for Special Meeting of Directors Sample Plan of Merger Sample Certificate of Dissolution Sample Stock Subscription Agreement For 30 years, Entrepreneur has provided the most trusted business advice available to business owners. Our legal guides continue that tradition by offering current and cost-effective legal advice so you can resolve the business and legal issues you face on a daily basis. We also help you identify when it's in your best interest to seek the personalized advice and services of a practicing lawyer
830 _aEntrepreneur magazine's legal guide
856 _3Amazon.com
_uhttp://www.amazon.com/exec/obidos/ASIN/1599181363/chopaconline-2
856 _3Amazon customer reviews
_uhttp://www.chopac.org/cgi-bin/tools/azrev.pl?q=159918136
942 _aNBS
_cBK
_k346.73065 SAP
999 _c345187
_d345187